Statistics for Generator Dash #38

Click here to take the quiz!

General Stats

  • This quiz has been taken 66 times
  • The average score is 6 of 11

Answer Stats

Hint Answer % Correct
Smoker's stimulant (8)Nicotine
92%
Made-up stories (7)Fiction
87%
Fork prong (4)Tine
79%
9-Letter WordINFECTION
74%
Not everlasting (6)Finite
70%
Quinine water (5)Tonic
62%
Provoke, urge on (6)Incite
49%
Observe, be aware of (6)Notice
47%
Keep in a cage (7)Confine
43%
Fencing maneuvre (5)Feint
32%
Southern Swiss canton (6)Ticino
9%

Score Distribution

Percentile by Number Answered

Percent of People with Each Score

Your Score History

You have not taken this quiz